The melting pot and the altar (Record no. 153797)
[ view plain ]
| 000 -LEADER | |
|---|---|
| fixed length control field | 01393nam a2200361 a 4500 |
| 082 04 - DEWEY DECIMAL CLASSIFICATION NUMBER | |
| Classification number | 306.8/09775 |
| 100 1# - MAIN ENTRY--AUTHOR NAME | |
| Personal name | Bernard, Richard M., |
| 245 14 - TITLE STATEMENT | |
| Title | The melting pot and the altar |
| 260 ## - PUBLICATION, DISTRIBUTION, ETC. (IMPRINT) | |
| Place of publication | Minneapolis : |
| Name of publisher | University of Minnesota Press, |
| Year of publication | 1980. |
| 300 ## - PHYSICAL DESCRIPTION | |
| Number of Pages | xxviii, 162 p. : |
| Other physical details | ill. |
| 650 #0 - SUBJECT ADDED ENTRY--TOPICAL TERM | |
| Topical Term | Marriage |
| Topical Term | Intermarriage |
| Topical Term | Minorities |
| Topical Term | Assimilation (Sociology) |
| 856 40 - ELECTRONIC LOCATION AND ACCESS | |
| Uniform Resource Identifier | http://site.ebrary.com/lib/rucke/Doc?id=10231193 |
No items available.
